00507nam a2200169Ia 4500008004100000100001500041245010300056245001500159260000900174260000900183300003600192440003400228650002100262650002600283650001000309650001800319190412s9999 xx 000 0 und d aJi Won Kim aRumor has it: The effects of virality metrics on rumor believability and transmission on Twitter / cJi Won Kim bSage c2018 apages 4807-4825, December 2018  aNew Media & Society v20 (12) aMEDIA & SOCIETY  aMessage Believability aRumor aSocial Norms